000 00416nam a22001457a 4500
020 _qPB.
040 _cFizza Ishaq
082 _a330.98
_bROB
100 _aEngle, Robert.
_9134230
245 _aThe American Economic Review Vol. 94, No. 3 /
_cRobert Engle.
250 _aVol 94 No 3.
260 _aNew York :
_bAmerican Economic Association,
_c2004.
300 _a812 p, ;
_c9.8 x 6.9 x .7 inches
942 _2ddc
_cBK
999 _c617203
_d617203